| 000 | 02599nam a22003614a 4500 | ||
|---|---|---|---|
| 001 | ebr10265913 | ||
| 003 | CaPaEBR | ||
| 006 | m u | ||
| 007 | cr cn||||||||| | ||
| 008 | 070409s2007 iluaf sb 001 0 eng | ||
| 010 | _z 2007014103 | ||
| 015 |
_aGBA768324 _2bnb |
||
| 016 | 7 |
_z013828550 _2Uk |
|
| 020 | _z9780226071329 (cloth : alk. paper) | ||
| 020 | _z0226071324 (cloth : alk. paper) | ||
| 040 |
_aCaPaEBR _cCaPaEBR |
||
| 035 | _a(OCoLC)646783201 | ||
| 050 | 1 | 4 |
_aBV4501.3 _b.B7423 2007eb |
| 082 | 0 | 4 |
_a282/.4209024 _222 |
| 100 | 1 | _aBrantley, Jessica. | |
| 245 | 1 | 0 |
_aReading in the wilderness _h[electronic resource] : _bprivate devotion and public performance in late medieval England / _cJessica Brantley. |
| 260 |
_aChicago : _bUniversity of Chicago Press, _c2007. |
||
| 300 |
_axviii, 463 p., 8 p. of plates : _bill. (some col.). |
||
| 504 | _aIncludes bibliographical references (p. [395]-448) and indexes. | ||
| 505 | 0 | _aIntroduction: The performance of reading -- "Silence visible" : Carthusian devotional reading and meditative practice -- Backgrounds : the Carthusian Order -- Carthusians and books -- Carthusians and art -- The shapes of eremitic reading in the desert of religion : the desert of religion as imagetext -- "ALS wildernes is wroght �is boke" : formats of monastic books -- Reading spiritual community in the wilderness -- Lyric imaginings and painted prayers -- The eremitic lyric and Richard Rolle -- Imagining the Carthusian reader -- Liturgical pageantry in private spaces -- Reading the liturgy : two models -- Performing the holy name -- Performing the canonical hours -- Performing the seven sacraments -- Envisioning dialogue in performance -- "In maner of a dyaloge it wente" -- Allegorical dialogues : the pylgremage of the soul -- Mystical dialogues : the treatise of the seven points -- Dramatizing the cell : theatrical performances in monastic reading -- Dramatic texts, lyric voices, and private readers -- Theatrical reading in additional 37049 -- Monastic closet drama -- Conclusion: Reading performances. | |
| 533 |
_aElectronic reproduction. _bPalo Alto, Calif. : _cebrary, _d2013. _nAvailable via World Wide Web. _nAccess may be limited to ebrary affiliated libraries. |
||
| 650 | 0 |
_aSpiritual life _xChristianity _xHistory of doctrines _yMiddle Ages, 600-1500. |
|
| 650 | 0 | _aDevotion. | |
| 651 | 0 |
_aEngland _xReligion. |
|
| 655 | 7 |
_aElectronic books. _2local |
|
| 710 | 2 | _aebrary, Inc. | |
| 856 | 4 | 0 |
_uhttp://site.ebrary.com/lib/rucke/Doc?id=10265913 _zAn electronic book accessible through the World Wide Web; click to view |
| 999 |
_c25374 _d25374 |
||